L' etat democtratique

Αποθηκεύτηκε σε:
Λεπτομέρειες βιβλιογραφικής εγγραφής
Συγγραφή απο Οργανισμό/Αρχή: Germany Presse- und Informationsamt
Άλλοι συγγραφείς: Arntz, H. (Επιμελητής έκδοσης)
Μορφή: Βιβλίο
Γλώσσα:French
Δημοσίευση: [Χ.τ.] : Service de presse et d' information du gouvernement federal, 1961.
Έκδοση:4e ed.
Θέματα:
Ετικέτες: Προσθήκη ετικέτας
Δεν υπάρχουν, Καταχωρήστε ετικέτα πρώτοι!

MARC

LEADER 00000cam a2200000 i 4500
001 1/90611
008 080707s1961 xx | ||| |||| ||fre||
035 |l 10098763 
040 |a GR-MY-UA  |b gre  |e aacr 
041 0 |a fre 
082 7 |a 320.443   |2 (22) 
245 0 3 |a L' etat democtratique /   |c redacteur general H. Arntz ; edite par le service de presse et d' information du gouvernement federal.  
250 |a 4e ed. 
260 |a [Χ.τ.] :   |b Service de presse et d' information du gouvernement federal,   |c 1961.  
300 |a 83 σ. :   |b φωτ. ;   |c 21 εκ. 
500 |a Cette brochure est un extrait du livre L' Allemagne nouvelle. 
500 |a Οι σελίδες αριθμούνται επίσης 214-817. 
500 |a Η καταλογογράφηση έγινε με βάση το εξώφυλλο. 
650 0 0 |a Democracy  |z Germany  |x History. 
651 0 |a Germany  |x Politics and government. 
700 1 |a Arntz, H.  |e edt 
710 1 |a Germany Presse- und Informationsamt. 
852 |a INST  |b RHODES  |c AKA  |e 20080707  |h  320.443 LET  |p 005400027789  |q 005400027789  |t BK  |y 0 
901 |a BIBL4-2008-2 
909 |a Ρ  |b 150734 
970 |a ΧΑΡΙΟΠΟΛΙΤΟΥ  |b ΚΩΝΣΤΑΝΤΙΝΑ  |z 2008/07/07